000 00454nam a2200181Ia 4500
001 21188
005 20260306172901.0
008 260306t2010||||xx |||||||||||||| ||spa||
041 _aESP
082 _a344.02
_bG12M
100 _aPanta Cueva, David Fernando
_eAUT
245 0 _aManual de actualización penal y procesal penal
260 _c2010
300 _a248 pƔginas :
_c24 cm.
650 _aGEN
654 _aCDE
942 _cLIB
_dJUS
_fJUS
_2ddc
_n
999 _c21188
_d21188